<?xml version="1.0" encoding="UTF-8"?>
<record
    xmlns:xsi="http://www.w3.org/2001/XMLSchema-instance"
    xsi:schemaLocation="http://www.loc.gov/MARC21/slim http://www.loc.gov/standards/marcxml/schema/MARC21slim.xsd"
    xmlns="http://www.loc.gov/MARC21/slim">

  <leader>01438    a2200193   4500</leader>
  <controlfield tag="001">30299</controlfield>
  <controlfield tag="005">20260407155615.0</controlfield>
  <controlfield tag="008">260407a1971    arg                 spa d</controlfield>
  <controlfield tag="003">AR-UNSa-BCEJYS</controlfield>
  <datafield tag="040" ind1=" " ind2=" ">
    <subfield code="a">AR-UNSa-BCEJYS</subfield>
    <subfield code="b">spa</subfield>
    <subfield code="c">AR-UNSa-BCEJYS</subfield>
  </datafield>
  <datafield tag="080" ind1=" " ind2=" ">
    <subfield code="a">657.635</subfield>
    <subfield code="x">Informes y certificaciones de los auditores
</subfield>
  </datafield>
  <datafield tag="245" ind1="1" ind2="0">
    <subfield code="a">Auditor&#xED;a administrativa</subfield>
    <subfield code="p">evaluaci&#xF3;n de los m&#xE9;todos y eficiencia administrativos</subfield>
  </datafield>
  <datafield tag="264" ind1=" " ind2="1">
    <subfield code="a">M&#xE9;xico :</subfield>
    <subfield code="b">Diana</subfield>
    <subfield code="c">1971</subfield>
  </datafield>
  <datafield tag="300" ind1=" " ind2=" ">
    <subfield code="a">315 p.</subfield>
    <subfield code="c">22 cm.</subfield>
  </datafield>
  <datafield tag="505" ind1=" " ind2=" ">
    <subfield code="a">1. Elementos b&#xE1;sicos de la administraci&#xF3;n - 2. Evaluaci&#xF3;n de los m&#xE9;todos y eficiencias administrativa - 3. Conceptos fundamentales de la auditor&#xED;a administrativa - 4. Preparaci&#xF3;n de un programa de auditorias administrativas - 5. Iniciaci&#xF3;n de la auditor&#xED;a administrativa - 6. An&#xE1;lisis, interpretaci&#xF3;n y s&#xED;ntesis - 7. Recopilaci&#xF3;n y registro de la informaci&#xF3;n - 8. Medici&#xF3;n del desempe&#xF1;o - 9. Dificultades que suelen encontrarse - 10. Evaluaci&#xF3;n de la eficiencia ejecutiva - 11. Planeaci&#xF3;n y recomendaci&#xF3;n de perfeccionamientos - 12. Preparaci&#xF3;n del informe de auditor&#xED;a administrativa - 13. Hechos de especial importancia - 14. Examen d los resultados de la auditoria administrativa con las personas interesadas - 15. Informe final por escrito - 16. Vigilancia posterior  a la auditoria administrativa - 17. Mirando el futuro</subfield>
  </datafield>
  <datafield tag="942" ind1=" " ind2=" ">
    <subfield code="c">BK</subfield>
  </datafield>
  <datafield tag="590" ind1=" " ind2=" ">
    <subfield code="a">niveau_biblio:m niveau_hierar:0</subfield>
  </datafield>
  <datafield tag="100" ind1="1" ind2=" ">
    <subfield code="a">Leonard, William P.</subfield>
  </datafield>
  <datafield tag="999" ind1=" " ind2=" ">
    <subfield code="c">2091</subfield>
    <subfield code="d">2091</subfield>
  </datafield>
  <datafield tag="952" ind1=" " ind2=" ">
    <subfield code="0">0</subfield>
    <subfield code="1">0</subfield>
    <subfield code="4">0</subfield>
    <subfield code="7">0</subfield>
    <subfield code="a">BCEJYS</subfield>
    <subfield code="b">BCEJYS</subfield>
    <subfield code="c">16</subfield>
    <subfield code="d">2026-04-07</subfield>
    <subfield code="l">0</subfield>
    <subfield code="o">657.635 L579</subfield>
    <subfield code="p">L13331</subfield>
    <subfield code="r">2026-04-07 15:56:15</subfield>
    <subfield code="w">2026-04-07</subfield>
    <subfield code="y">L</subfield>
  </datafield>
  <datafield tag="952" ind1=" " ind2=" ">
    <subfield code="0">0</subfield>
    <subfield code="1">0</subfield>
    <subfield code="4">0</subfield>
    <subfield code="7">0</subfield>
    <subfield code="a">BCEJYS</subfield>
    <subfield code="b">BCEJYS</subfield>
    <subfield code="c">16</subfield>
    <subfield code="d">2026-04-07</subfield>
    <subfield code="l">0</subfield>
    <subfield code="o">657.635 L579</subfield>
    <subfield code="p">L13332</subfield>
    <subfield code="r">2026-04-07 15:56:15</subfield>
    <subfield code="w">2026-04-07</subfield>
    <subfield code="y">L</subfield>
  </datafield>
  <datafield tag="952" ind1=" " ind2=" ">
    <subfield code="0">0</subfield>
    <subfield code="1">0</subfield>
    <subfield code="4">0</subfield>
    <subfield code="7">0</subfield>
    <subfield code="a">BCEJYS</subfield>
    <subfield code="b">BCEJYS</subfield>
    <subfield code="c">16</subfield>
    <subfield code="d">2026-04-07</subfield>
    <subfield code="l">0</subfield>
    <subfield code="o">657.635 L579</subfield>
    <subfield code="p">L13423</subfield>
    <subfield code="r">2026-04-07 15:56:15</subfield>
    <subfield code="w">2026-04-07</subfield>
    <subfield code="y">L</subfield>
  </datafield>
</record>
